<?xml version="1.0" encoding="UTF-8"?>
<collection xmlns="http://www.loc.gov/MARC21/slim">
 <record>
  <leader>01612aam a22002298a 4500</leader>
  <controlfield tag="001">NCT_25496</controlfield>
  <controlfield tag="008">090916s2009                  ||||||viesd</controlfield>
  <datafield tag="999" ind1=" " ind2=" ">
   <subfield code="c">1215</subfield>
   <subfield code="d">1215</subfield>
  </datafield>
  <datafield tag="020" ind1=" " ind2=" ">
   <subfield code="c">59000</subfield>
  </datafield>
  <datafield tag="082" ind1="0" ind2="4">
   <subfield code="2">23rd ed.</subfield>
   <subfield code="a">690</subfield>
   <subfield code="b">Ch111</subfield>
  </datafield>
  <datafield tag="100" ind1="1" ind2=" ">
   <subfield code="a">Nguyễn Ngọc Châu</subfield>
  </datafield>
  <datafield tag="245" ind1="1" ind2="0">
   <subfield code="a">Quản lý quy hoạch xây dựng và kết cấu hạ tầng ở đô thị :</subfield>
   <subfield code="b">Dùng cho các trường đào tạo hệ đại học và Cao đẳng ngành xây dựng, giao thông và vận tải</subfield>
   <subfield code="c">Nguyễn Ngọc Châu</subfield>
  </datafield>
  <datafield tag="260" ind1=" " ind2=" ">
   <subfield code="a">H.</subfield>
   <subfield code="b">Giáo dục Việt Nam</subfield>
   <subfield code="c">2011</subfield>
  </datafield>
  <datafield tag="300" ind1=" " ind2=" ">
   <subfield code="a">331 tr.</subfield>
   <subfield code="b">Minh hoạ</subfield>
   <subfield code="c">25cm</subfield>
  </datafield>
  <datafield tag="520" ind1="3" ind2=" ">
   <subfield code="a">Nội dung sách nghiên cứu về quản lý quy hoạch xây dựng; quản lý các dịch vụ công cộng ở đô thị, kết cấu hạ tầng kỹ thuật và xã hội ở đô thị.</subfield>
  </datafield>
  <datafield tag="653" ind1=" " ind2=" ">
   <subfield code="a">Kỹ thuật công trình xây dựng</subfield>
  </datafield>
  <datafield tag="942" ind1=" " ind2=" ">
   <subfield code="2">ddc</subfield>
   <subfield code="c">BK</subfield>
  </datafield>
  <datafield tag="952" ind1=" " ind2=" ">
   <subfield code="0">0</subfield>
   <subfield code="1">0</subfield>
   <subfield code="2">ddc</subfield>
   <subfield code="4">0</subfield>
   <subfield code="6">690_000000000000000_CH111</subfield>
   <subfield code="7">0</subfield>
   <subfield code="9">8798</subfield>
   <subfield code="a">000001</subfield>
   <subfield code="b">000001</subfield>
   <subfield code="d">2018-05-23</subfield>
   <subfield code="o">690 Ch111</subfield>
   <subfield code="p">MD.07816</subfield>
   <subfield code="r">2018-05-23</subfield>
   <subfield code="v">59000.00</subfield>
   <subfield code="w">2018-05-23</subfield>
   <subfield code="y">BK</subfield>
  </datafield>
  <datafield tag="952" ind1=" " ind2=" ">
   <subfield code="0">0</subfield>
   <subfield code="1">0</subfield>
   <subfield code="2">ddc</subfield>
   <subfield code="4">0</subfield>
   <subfield code="6">690_000000000000000_CH111</subfield>
   <subfield code="7">0</subfield>
   <subfield code="9">8799</subfield>
   <subfield code="a">000001</subfield>
   <subfield code="b">000001</subfield>
   <subfield code="d">2018-05-23</subfield>
   <subfield code="o">690 Ch111</subfield>
   <subfield code="p">MD.07817</subfield>
   <subfield code="r">2018-05-23</subfield>
   <subfield code="v">59000.00</subfield>
   <subfield code="w">2018-05-23</subfield>
   <subfield code="y">BK</subfield>
  </datafield>
  <datafield tag="952" ind1=" " ind2=" ">
   <subfield code="0">0</subfield>
   <subfield code="1">0</subfield>
   <subfield code="2">ddc</subfield>
   <subfield code="4">0</subfield>
   <subfield code="6">690_000000000000000_CH111</subfield>
   <subfield code="7">0</subfield>
   <subfield code="9">8800</subfield>
   <subfield code="a">000001</subfield>
   <subfield code="b">000001</subfield>
   <subfield code="d">2018-05-23</subfield>
   <subfield code="o">690 Ch111</subfield>
   <subfield code="p">MD.07818</subfield>
   <subfield code="r">2018-05-23</subfield>
   <subfield code="v">59000.00</subfield>
   <subfield code="w">2018-05-23</subfield>
   <subfield code="y">BK</subfield>
  </datafield>
  <datafield tag="952" ind1=" " ind2=" ">
   <subfield code="0">0</subfield>
   <subfield code="1">0</subfield>
   <subfield code="2">ddc</subfield>
   <subfield code="4">0</subfield>
   <subfield code="6">690_000000000000000_CH111</subfield>
   <subfield code="7">0</subfield>
   <subfield code="9">8801</subfield>
   <subfield code="a">000001</subfield>
   <subfield code="b">000001</subfield>
   <subfield code="d">2018-05-23</subfield>
   <subfield code="o">690 Ch111</subfield>
   <subfield code="p">MD.07819</subfield>
   <subfield code="r">2018-05-23</subfield>
   <subfield code="v">59000.00</subfield>
   <subfield code="w">2018-05-23</subfield>
   <subfield code="y">BK</subfield>
  </datafield>
  <datafield tag="980" ind1=" " ind2=" ">
   <subfield code="a">Thư viện Trường Đại học Nam Cần Thơ</subfield>
  </datafield>
 </record>
</collection>
